Datum a čas kvízu
25.5
Celkem bodů
Celkový počet nahraných bodů na tomto kvízu bez doplňovacích otázek.
8.
Pořadí na kvízu
Konečné umístění týmu na tomto kvízu.
Zaznamenané odpovědi
| # | Otázka | Odpověď | Body | Výsledky |
|---|---|---|---|---|
| 1. | Bývalý europoslanec a zakladat... | 0 | ||
| 2. | V centru Paříže se v sobotu se... | 0 | ||
| 3. | Největší úspěch na předávání E... | 0 | ||
| 4. | Evropské nezávislé konsorcium,... | 1 | ||
| 5. | Nejlepším hráčem španělské La... | 1 | ||
| 6. | Co ukradli Františku Loukovi n... | 1 | ||
| 7. | Student Plha potká ve filmu Ma... | 0 | ||
| 8. | Jak se jmenují pletichářští rá... | 0 | ||
| 9. | Mladší příslušník žadoní ve fi... | 1 | ||
| 10. | „Hele, Hanko, já ti musim něco... | 1 |